Career development and planning : (Record no. 9309)
[ view plain ]
| 000 -LEADER | |
|---|---|
| fixed length control field | 00757nam a2200265 a 4500 |
| 001 - CONTROL NUMBER | |
| JCCL Control Number | 9309 |
| 003 - CONTROL NUMBER IDENTIFIER | |
| JCCL marc code | BD -JHCC |
| 005 - DATE AND TIME OF LATEST TRANSACTION | |
| control field | 20190321094112.0 |
| 008 - FIXED-LENGTH DATA ELEMENTS--GENERAL INFORMATION | |
| fixed length control field | 500101s1992 enk 000 0 eng d |
| 020 ## - INTERNATIONAL STANDARD BOOK NUMBER | |
| International Standard Book Number | 0077075544 |
| 035 ## - SYSTEM CONTROL NUMBER | |
| system control number | (BD-JhCC)9309 |
| 040 ## - CATALOGING SOURCE | |
| Original cataloging agency | BD-JhCC |
| Modifying agency | BD-JhCC |
| 041 ## - LANGUAGE CODE | |
| Language code of Book | eng |
| 082 ## - DEWEY DECIMAL CLASSIFICATION NUMBER | |
| Author mark and Year | PEE 1992 |
| Classification number | 658.3124 |
| 100 1# - MAIN ENTRY--PERSONAL NAME | |
| Personal name | Peel, Malcolm. |
| 245 10 - TITLE STATEMENT | |
| Title | Career development and planning : |
| Remainder of title | a guide for managers, trainers and personnel staff / |
| Statement of responsibility, etc | Malcolm Peel |
| 260 ## - PUBLICATION, DISTRIBUTION, ETC. (IMPRINT) | |
| Place of publication, distribution, etc | London : |
| Name of publisher, distributor, etc | McGraw-Hill, |
| Date of publication, distribution, etc | c1992 |
| 300 ## - PHYSICAL DESCRIPTION | |
| Pagination | x, 164 p ; |
| Dimensions | 25 cm |
| 504 ## - BIBLIOGRAPHY, ETC. NOTE | |
| Bibliography, etc | Includes bibliography and index |
| 650 #0 - SUBJECT ADDED ENTRY--TOPICAL TERM | |
| Topical term or geographic name as entry element | Career development |
| 650 #0 - SUBJECT ADDED ENTRY--TOPICAL TERM | |
| Topical term or geographic name as entry element | Personnel management |
| 830 #0 - SERIES ADDED ENTRY--UNIFORM TITLE | |
| Uniform title | McGraw-Hill training series |
| 942 ## - ADDED ENTRY ELEMENTS (KOHA) | |
| Source of classification or shelving scheme | Dewey Decimal Classification |
| Koha item type | Books |
| Source of classification or shelving scheme | Damaged status | Not for loan | Home library | Current library | Shelving location | Total Checkouts | Full call number | Barcode | Date last seen | Copy number | Koha item type |
|---|---|---|---|---|---|---|---|---|---|---|---|
| Dewey Decimal Classification | JCC Rouf Library | JCC Rouf Library | General Stacks | 658.3124 PEE 1992 | 12460 | 03/12/2018 | C - 1 | Books |